000 00613nam a2200229Ia 4500
003 OSt
005 20221007070730.0
006 a|||||r|||| 00| 0
007 ta
008 221006b |||||||| |||| 00| 0 eng d
024 _a23,827
037 _cTextual
040 _aFLL
_cFLL
_beng
041 _2eng
_aeng
082 _aW:5, P7
100 _aLattimer Mark Ed.
_9687615
245 0 _aGenocide and human rights
260 _aHampshire
_bAshgate Publishing Limited England
_c2007
300 _axxiii,571p
_ccm.
942 _hW:5, P7
_cTEXL
_2CC
999 _c1141388
_d1141388